Yoga: (Record no. 159631)

MARC details
000 -LEADER
fixed length control field 00585nam a22001937a 4500
005 - DATE AND TIME OF LATEST TRANSACTION
control field 20181227104234.0
010 ## - LCCN (DPL NO)
LC control number ENG-124597
020 ## - INTERNATIONAL STANDARD BOOK NUMBER
International Standard Book Number 9789386473318
Terms of availability 425.00
035 ## - SYSTEM CONTROL NUMBER
System control number EN-108129
037 ## - SOURCE OF ACQUISITION
Source of stock number/acquisition DBAD/PUB
082 ## - DEWEY DECIMAL CLASSIFICATION NUMBER
Classification number 230.41
100 ## - MAIN ENTRY--PERSONAL NAME
Personal name Kashyap, Deepak
245 ## - TITLE STATEMENT
Title Yoga:
Statement of responsibility, etc by Kusum Ansal
Remainder of title anatomy and the journey within/
260 ## - PUBLICATION, DISTRIBUTION, ETC. (IMPRINT)
Place of publication, distribution, etc New Delhi
Name of publisher, distributor, etc Vitasta Publishing Pvt Ltd
Date of publication, distribution, etc 2018
270 ## - ADDRESS
Address 2/15, Ansari Road, Daryaganj,
City New Delhi
Postal code 110002
300 ## - PHYSICAL DESCRIPTION
Extent 240p.
Dimensions 20cm.(Pbk)
500 ## - GENERAL NOTE
General note It includes glossary
942 ## - ADDED ENTRY ELEMENTS (KOHA)
Source of classification or shelving scheme Dewey Decimal Classification
Item type English Books
Call number suffix KAS
Classification part 230.41
Holdings
Withdrawn status Lost status Not for loan Collection code Home library Current library Date acquired Source of acquisition Cost, normal purchase price Full call number Barcode Copy number Cost, replacement price Koha item type
    Not For Loan Non-fiction D.B.Act.Division Bawana 27/12/2018 DBAD/PUB 425.00 230.41 KAS EN-108129 1 425.00 English Books

© Delhi Public Library
Hit Counter
free hit counter